[Event "BAN-chB 47th"]
[Site "Dhaka"]
[Date "2022.10.29"]
[Round "3"]
[White "Md, Asifur Rahman"]
[Black "Md, Sariatullah"]
[Result "1/2-1/2"]
[WhiteElo "1800"]
[BlackElo "2036"]
[PlyCount "65"]
[EventDate "2022.10.27"]
[EventType "swiss"]
[EventRounds "11"]
[EventCountry "BAN"]
[SourceTitle "EXT 2024"]
[Source "ChessBase"]
[SourceDate "2023.10.10"]
[SourceVersion "1"]
[SourceVersionDate "2023.10.10"]
[SourceQuality "1"]

1. e4 c5 2. Nf3 e6 3. d4 cxd4 4. Nxd4 a6 5. Nc3 Qc7 6. g3 b5 7. a3 Bb7 8. Bg2 Nf6 9. 0-0 d6 10. Re1 Nbd7 11. Nd5 exd5 12. exd5+ Kd8 13. Nc6+ Bxc6 14. dxc6 Nb6 15. b3 d5 16. c4 Qxc6 17. cxd5 Qd7 18. Be3 Rb8 19. Qd4 Bd6 20. Rac1 Re8 21. Qxb6+ Rxb6 22. Bxb6+ Bc7 23. Bxc7+ Qxc7 24. Rxe8+ Nxe8 25. Rxc7 Kxc7 26. Kf1 Kd6 27. Ke2 Nf6 28. Kd3 Nxd5 29. Kd4 Nc7 30. b4 Ne6+ 31. Ke3 Nd8 32. Kd4 Ne6+ 33. Ke3 1/2-1/2

[Event "Dhaka Walton op"]
[Site "Dhaka"]
[Date "2022.04.07"]
[Round "4"]
[White "Ahmed, Mahtabuddin"]
[Black "Md, Asifur Rahman"]
[Result "1-0"]
[WhiteElo "2025"]
[BlackElo "1793"]
[PlyCount "95"]
[EventDate "2022.04.04"]
[EventType "swiss"]
[EventRounds "9"]
[EventCountry "BAN"]
[SourceTitle "CBM 207 Extra"]
[Source "ChessBase"]
[SourceDate "2022.05.31"]
[SourceVersion "1"]
[SourceVersionDate "2022.05.31"]
[SourceQuality "1"]

1. Nf3 Nf6 2. g3 g6 3. Bg2 Bg7 4. c4 d6 5. d4 0-0 6. 0-0 a6 7. Nc3 Nc6 8. b3 Rb8 9. Bb2 Bd7 10. d5 Na5 11. Nd4 c5 12. dxc6 bxc6 13. Rb1 c5 14. Nc2 h5 15. e4 h4 16. Qe2 hxg3 17. hxg3 Nc6 18. Nd5 e5 19. Nce3 Nh5 20. Bf3 Nd4 21. Qd1 Qg5 22. Bc1 Nf4 23. Nxf4 exf4 24. Ng2 Bh3 25. Bxf4 Qf6 26. Bg4 Bxg4 27. Qxg4 g5 28. Be3 Nf3+ 29. Kh1 Qh6+ 30. Nh4 Nxh4 31. gxh4 Qxh4+ 32. Qxh4 gxh4 33. Rbd1 Rbd8 34. Rg1 Kh7 35. Rd5 f5 36. exf5 Bf6 37. Rg6 Be7 38. Re6 Rf7 39. Bf4 a5 40. Bxd6 Bxd6 41. Rdxd6 Rxd6 42. Rxd6 a4 43. Kg2 axb3 44. axb3 Rxf5 45. Rd5 Kg6 46. Rxf5 Kxf5 47. Kh3 Kg5 48. f3 1-0

[Event "BAN-chT 1st League"]
[Site "Dhaka"]
[Date "2022.03.20"]
[Round "11.3"]
[White "Tutul, Dhar"]
[Black "Md, Asifur Rahman"]
[Result "1-0"]
[WhiteElo "1991"]
[BlackElo "1836"]
[PlyCount "81"]
[EventDate "2022.03.10"]
[EventType "team-tourn"]
[EventRounds "11"]
[EventCountry "BAN"]
[SourceTitle "EXT 2023"]
[Source "ChessBase"]
[SourceDate "2022.10.05"]
[SourceVersion "1"]
[SourceVersionDate "2022.10.05"]
[SourceQuality "1"]
[WhiteTeam "Sonali Bank Sports"]
[BlackTeam "Dhaka CC"]
[WhiteTeamCountry "BAN"]
[BlackTeamCountry "BAN"]

1. d4 Nf6 2. Nf3 g6 3. c4 Bg7 4. Nc3 d6 5. e4 0-0 6. Be2 e5 7. d5 a5 8. 0-0 Na6 9. h3 Nc5 10. Qc2 h6 11. Be3 Ne8 12. a3 f5 13. b4 axb4 14. axb4 Rxa1 15. Rxa1 Na6 16. Qb3 f4 17. Bd2 g5 18. c5 dxc5 19. Bxa6 bxa6 20. bxc5 Kh8 21. Nh2 Nf6 22. f3 Qe7 23. Na4 h5 24. c6 Rd8 25. Bb4 Qf7 26. Nc5 g4 27. hxg4 hxg4 28. fxg4 Nxg4 29. Qh3+ Nh6 30. Ne6 Rg8 31. Nf3 Qg6 32. Bc3 Bxe6 33. dxe6 Qg4 34. Qxg4 Nxg4 35. Rxa6 Re8 36. Ra7 Rxe6 37. Ra8+ Kh7 38. Ng5+ Kg6 39. Nxe6 Ne3 40. Nxg7 Kxg7 41. Bxe5+ 1-0

[Event "Dhaka Al Mahmud Memorial"]
[Site "Dhaka"]
[Date "2022.02.11"]
[Round "7"]
[White "Noshin, Anjum"]
[Black "Md, Asifur Rahman"]
[Result "1-0"]
[WhiteElo "2017"]
[BlackElo "1845"]
[PlyCount "75"]
[EventDate "2022.02.05"]
[EventType "swiss"]
[EventRounds "9"]
[EventCountry "BAN"]
[SourceTitle "CBM 206 Extra"]
[Source "ChessBase"]
[SourceDate "2022.03.31"]
[SourceVersion "1"]
[SourceVersionDate "2022.03.31"]
[SourceQuality "1"]

1. e4 c5 2. Nf3 d6 3. d4 cxd4 4. Nxd4 Nf6 5. Nc3 a6 6. h3 g6 7. g4 Bg7 8. Bg2 Nc6 9. Nxc6 bxc6 10. e5 Nd7 11. Bxc6 Rb8 12. exd6 0-0 13. 0-0 Ne5 14. Bg2 exd6 15. Ne4 d5 16. Nc5 Qd6 17. Qxd5 Qxd5 18. Bxd5 Rb5 19. Be3 Nd7 20. Nxd7 Bxd7 21. Bb3 Bxb2 22. Rad1 Be6 23. Rb1 Bxb3 24. axb3 Bc3 25. Rfd1 Rc8 26. Rd6 Bb4 27. Rxa6 Rxc2 28. Ra8+ Kg7 29. Bd4+ Kh6 30. Ra7 Bc5 31. Rc7 Bxd4 32. Rxc2 f6 33. Rc4 Bb6 34. Kg2 g5 35. b4 Kg6 36. Rd1 h6 37. Rd7 Re5 38. Rc6 1-0

[Event "Dhaka Al Mahmud Memorial"]
[Site "Dhaka"]
[Date "2022.02.10"]
[Round "6"]
[White "Md, Asifur Rahman"]
[Black "Hossain, Showkat Pollab"]
[Result "1/2-1/2"]
[WhiteElo "1845"]
[BlackElo "2037"]
[PlyCount "102"]
[EventDate "2022.02.05"]
[EventType "swiss"]
[EventRounds "9"]
[EventCountry "BAN"]
[SourceTitle "CBM 206 Extra"]
[Source "ChessBase"]
[SourceDate "2022.03.31"]
[SourceVersion "1"]
[SourceVersionDate "2022.03.31"]
[SourceQuality "1"]

1. e4 c5 2. Nf3 Nc6 3. d4 cxd4 4. Nxd4 Nf6 5. Nc3 e5 6. Ndb5 d6 7. Bg5 a6 8. Na3 b5 9. Nd5 Be7 10. Bxf6 Bxf6 11. c3 0-0 12. Nc2 Bg5 13. a4 bxa4 14. Rxa4 a5 15. Bb5 Bb7 16. 0-0 Na7 17. Bc4 Nc8 18. Qg4 Kh8 19. Nce3 g6 20. h4 Bxh4 21. g3 Bc6 22. Ra2 Be7 23. f4 exf4 24. gxf4 Nb6 25. b3 Nxc4 26. bxc4 f5 27. exf5 gxf5 28. Qh5 Be8 29. Qd1 Bg6 30. Nxe7 Qxe7 31. Nd5 Qg7 32. Kh1 Rfe8 33. Re1 Rxe1+ 34. Qxe1 Bh5 35. Qe3 Re8 36. Qd4 Bf3+ 37. Kh2 Qxd4 38. cxd4 Bxd5 39. cxd5 Re4 40. Rxa5 Rxd4 41. Kg3 Kg7 42. Kf3 Kf6 43. Ke3 Re4+ 44. Kf3 Re7 45. Ra8 Rb7 46. Re8 Rb3+ 47. Kf2 Rb6 48. Re6+ Kf7 49. Kg3 Kg7 50. Kh4 h6 51. Kh5 Rb1 1/2-1/2

[Event "Dhaka Al Mahmud Memorial"]
[Site "Dhaka"]
[Date "2022.02.09"]
[Round "5"]
[White "Bhuiyan, Golam Mostafa"]
[Black "Md, Asifur Rahman"]
[Result "1/2-1/2"]
[WhiteElo "2104"]
[BlackElo "1845"]
[PlyCount "46"]
[EventDate "2022.02.05"]
[EventType "swiss"]
[EventRounds "9"]
[EventCountry "BAN"]
[SourceTitle "CBM 206 Extra"]
[Source "ChessBase"]
[SourceDate "2022.03.31"]
[SourceVersion "1"]
[SourceVersionDate "2022.03.31"]
[SourceQuality "1"]

1. d4 Nf6 2. c4 g6 3. Nc3 Bg7 4. e4 d6 5. Nf3 0-0 6. Be2 e5 7. d5 a5 8. 0-0 Na6 9. Ne1 Nc5 10. Qc2 Ne8 11. Be3 f5 12. f3 f4 13. Bf2 g5 14. Nd3 Nxd3 15. Qxd3 h5 16. c5 g4 17. Rfc1 Qg5 18. Nb5 g3 19. hxg3 fxg3 20. Be3 Qh4 21. Kf1 Qh1+ 22. Bg1 h4 23. Qe3 h3 1/2-1/2

[Event "BAN-chT2 Borsho 2nd"]
[Site "Bangladesh"]
[Date "2021.01.25"]
[Round "6.4"]
[White "Hasan, Sk Rashedul"]
[Black "Md, Asifur Rahman"]
[Result "0-1"]
[WhiteElo "1897"]
[BlackElo "1826"]
[PlyCount "90"]
[EventDate "2021.01.20"]
[EventType "team-tourn"]
[EventRounds "9"]
[EventCountry "BAN"]
[SourceTitle "CBM 200 Extra"]
[Source "ChessBase"]
[SourceDate "2021.03.31"]
[SourceVersion "1"]
[SourceVersionDate "2021.03.31"]
[SourceQuality "1"]
[WhiteTeam "Shahnoor Khan Smrity Sangsad"]
[BlackTeam "BD Chess In School"]
[WhiteTeamCountry "BAN"]
[BlackTeamCountry "BAN"]

1. e4 c5 2. Nc3 e6 3. f4 Nc6 4. Nf3 d6 5. Bb5 Bd7 6. 0-0 Qc7 7. d3 Be7 8. Qe1 Nf6 9. Qg3 a6 10. Bxc6 Bxc6 11. Qxg7 Rg8 12. Qh6 0-0-0 13. Ng5 Rdf8 14. Qh3 Kb8 15. Ne2 h6 16. Nf3 Ng4 17. c4 f5 18. Ng3 Bf6 19. Rb1 Qh7 20. Re1 Qh8 21. Re2 Bd4+ 22. Kf1 e5 23. Nxd4 exd4 24. Nxf5 Rxf5 25. exf5 Qf6 26. Qh5 Qg7 27. g3 Ka7 28. Bd2 Bf3 29. Qh4 Bxe2+ 30. Kxe2 Qf7 31. h3 Ne3 32. Bxe3 Qe8 33. Re1 Qxe3+ 34. Kd1 Qxd3+ 35. Kc1 Rxg3 36. Qh5 Rxh3 37. Qe2 Qxf5 38. Rf1 h5 39. Qg2 h4 40. Qf2 Rg3 41. Rh1 Qe4 42. Re1 Re3 43. Rxe3 Qxe3+ 44. Qxe3 dxe3 45. f5 h3 0-1

[Event "BAN Walton 1st League"]
[Site "Dhaka"]
[Date "2018.11.04"]
[Round "11.3"]
[White "Bappi, Ab"]
[Black "Md, Asifur Rahman"]
[Result "0-1"]
[WhiteElo "1801"]
[BlackElo "1831"]
[PlyCount "104"]
[EventDate "2018.10.25"]
[EventType "team-tourn"]
[EventRounds "11"]
[EventCountry "BAN"]
[SourceTitle "CBM 187 Extra"]
[Source "ChessBase"]
[SourceDate "2018.11.04"]
[SourceVersion "1"]
[SourceVersionDate "2018.11.04"]
[SourceQuality "1"]
[WhiteTeam "Debdas Biswas Smirity Sangsad"]
[BlackTeam "Mohakhali Prodip Sangah"]
[WhiteTeamCountry "BAN"]
[BlackTeamCountry "BAN"]

1. c4 Nf6 2. Nf3 g6 3. d4 Bg7 4. Nc3 0-0 5. e4 d6 6. h3 e5 7. dxe5 dxe5 8. Qxd8 Rxd8 9. Bg5 Re8 10. Be2 c6 11. 0-0 h6 12. Be3 Nh5 13. Rfd1 Na6 14. a3 Nf4 15. Bf1 Ne6 16. b4 f5 17. Rab1 f4 18. Bc1 g5 19. g4 Nd4 20. Ne1 Nc7 21. f3 Nce6 22. Kf2 Kf7 23. c5 h5 24. Nd3 Rh8 25. Nb2 hxg4 26. fxg4 Kf6 27. Nc4 Bf8 28. Ne2 Nxe2 29. Kxe2 Nd4+ 30. Kf2 Be6 31. Nd2 b6 32. cxb6 axb6 33. Bb2 c5 34. Nf3 Be7 35. Rdc1 Rhd8 36. Nxd4 exd4 37. bxc5 bxc5 38. Bd3 Rab8 39. Ba1 Rxb1 40. Rxb1 c4 41. Bf1 Kf7 42. Rb7 c3 43. Bd3 Kf8 44. Rb6 Bf7 45. a4 Rc8 46. Rb1 Ba3 47. Bc2 Bc4 48. Bxc3 dxc3 49. Rb7 Rd8 50. Bb1 Ba2 51. Bxa2 Rd2+ 52. Kf3 Rxa2 0-1

[Event "BAN Walton 1st League"]
[Site "Dhaka"]
[Date "2018.10.30"]
[Round "6.3"]
[White "Rakesh, Kumar Jena"]
[Black "Md, Asifur Rahman"]
[Result "1-0"]
[WhiteElo "2388"]
[BlackElo "1831"]
[PlyCount "79"]
[EventDate "2018.10.25"]
[EventType "team-tourn"]
[EventRounds "11"]
[EventCountry "BAN"]
[SourceTitle "CBM 187 Extra"]
[Source "ChessBase"]
[SourceDate "2018.11.04"]
[SourceVersion "1"]
[SourceVersionDate "2018.11.04"]
[SourceQuality "1"]
[WhiteTeam "Janata Bank Officer Welfare"]
[BlackTeam "Mohakhali Prodip Sangah"]
[WhiteTeamCountry "BAN"]
[BlackTeamCountry "BAN"]

1. Nf3 Nf6 2. d4 g6 3. Bg5 Bg7 4. Nbd2 c5 5. e3 0-0 6. Bd3 h6 7. Bxf6 Bxf6 8. Ne4 cxd4 9. Nxf6+ exf6 10. Nxd4 Nc6 11. Nb3 f5 12. Qd2 a5 13. Be2 Qf6 14. c3 a4 15. Nd4 d5 16. 0-0 h5 17. f4 Ne7 18. Nf3 Be6 19. a3 Nc6 20. Rad1 Na5 21. Ne5 Nb3 22. Qe1 Nc5 23. Rd4 Kg7 24. Bf3 Rfd8 25. Nd3 Ne4 26. Qe2 Qe7 27. Rd1 Nf6 28. Nb4 Ng4 29. h3 Qh4 30. Bxd5 Qg3 31. hxg4 Bxd5 32. Nxd5 h4 33. Qf3 Qxg4 34. Qxg4 fxg4 35. e4 Rh8 36. f5 gxf5 37. exf5 g3 38. Rg4+ Kf8 39. Nb6 Re8 40. f6 1-0

[Event "BAN Walton 1st League"]
[Site "Dhaka"]
[Date "2018.10.29"]
[Round "5.2"]
[White "Abdul, Khalek"]
[Black "Md, Asifur Rahman"]
[Result "1-0"]
[WhiteElo "1825"]
[BlackElo "1831"]
[PlyCount "85"]
[EventDate "2018.10.25"]
[EventType "team-tourn"]
[EventRounds "11"]
[EventCountry "BAN"]
[SourceTitle "CBM 187 Extra"]
[Source "ChessBase"]
[SourceDate "2018.11.04"]
[SourceVersion "1"]
[SourceVersionDate "2018.11.04"]
[SourceQuality "1"]
[WhiteTeam "Kasparov CC"]
[BlackTeam "Mohakhali Prodip Sangah"]
[WhiteTeamCountry "BAN"]
[BlackTeamCountry "BAN"]

1. e4 c5 2. Nf3 g6 3. d4 cxd4 4. Nxd4 Nf6 5. Nc3 Nc6 6. Be3 Bg7 7. Be2 0-0 8. h4 d5 9. Nxc6 bxc6 10. e5 Nd7 11. f4 e6 12. h5 c5 13. hxg6 fxg6 14. Nxd5 Nxe5 15. fxe5 exd5 16. Bxc5 Rf5 17. Bd6 Bb7 18. Bg4 Rf4 19. Be6+ Kh8 20. Qd2 Re4+ 21. Kd1 Qb6 22. c3 d4 23. Kc2 Re3 24. Rae1 Rxe1 25. Rxe1 dxc3 26. bxc3 Be4+ 27. Kd1 Qb1+ 28. Ke2 Qb5+ 29. c4 Qe8 30. Kf1 Bc6 31. Bd5 Qd7 32. Bxc6 Qxc6 33. Qd5 Qe8 34. c5 Rc8 35. Rb1 Qd8 36. Qe6 Qe8 37. Qxe8+ Rxe8 38. c6 Bxe5 39. Bxe5+ Rxe5 40. c7 Rf5+ 41. Kg1 Rc5 42. Rb8+ Kg7 43. c8Q 1-0

[Event "BAN Walton 1st League"]
[Site "Dhaka"]
[Date "2018.10.28"]
[Round "4.2"]
[White "Md, Asifur Rahman"]
[Black "Gias Uddin, Ahmed"]
[Result "1-0"]
[WhiteElo "1831"]
[BlackElo "2003"]
[PlyCount "103"]
[EventDate "2018.10.25"]
[EventType "team-tourn"]
[EventRounds "11"]
[EventCountry "BAN"]
[SourceTitle "CBM 187 Extra"]
[Source "ChessBase"]
[SourceDate "2018.11.04"]
[SourceVersion "1"]
[SourceVersionDate "2018.11.04"]
[SourceQuality "1"]
[WhiteTeam "Mohakhali Prodip Sangah"]
[BlackTeam "Leonine CC"]
[WhiteTeamCountry "BAN"]
[BlackTeamCountry "BAN"]

1. e4 g6 2. d4 Bg7 3. Nc3 c6 4. Be3 d6 5. Qd2 Nd7 6. f3 a6 7. 0-0-0 b5 8. g4 h6 9. h4 Qa5 10. Kb1 b4 11. Nce2 Nb6 12. Nc1 Rb8 13. Nb3 Qa4 14. Bd3 Be6 15. Qe2 Bd7 16. f4 h5 17. f5 Kd8 18. Nh3 hxg4 19. Qxg4 Kc7 20. Qg3 Nh6 21. fxg6 fxg6 22. Nf4 Ng4 23. Nxg6 Nxe3 24. Qxe3 Rhe8 25. h5 Be6 26. Nf4 Bf7 27. h6 Bh8 28. Qh3 Bc4 29. Ne6+ Bxe6 30. Qxe6 Nd7 31. h7 c5 32. dxc5 dxc5 33. Qxa6 Qxa6 34. Bxa6 Rb6 35. Rh5 Rd6 36. Rhd5 Nf6 37. Rxc5+ Kb6 38. Be2 Nxh7 39. Rb5+ Kc7 40. Rxb4 Rxd1+ 41. Bxd1 Rd8 42. Be2 Ng5 43. Rc4+ Kd6 44. a4 Ke5 45. Bd3 Nf3 46. Rc5+ Kf4 47. a5 Be5 48. a6 Bb8 49. Rb5 Bd6 50. Rb7 Ke3 51. Na5 Nd4 52. Nc4+ 1-0

[Event "BAN-chT2"]
[Site "Dhaka"]
[Date "2016.11.09"]
[Round "7.4"]
[White "Md, Asifur Rahman"]
[Black "Rain, Sheikh"]
[Result "1-0"]
[WhiteElo "1776"]
[BlackElo "1714"]
[PlyCount "85"]
[EventDate "2016.11.03"]
[EventType "team-swiss"]
[EventRounds "7"]
[EventCountry "BAN"]
[SourceTitle "CBM 175 Extra"]
[Source "ChessBase"]
[SourceDate "2016.12.12"]
[SourceVersion "1"]
[SourceVersionDate "2016.12.12"]
[SourceQuality "1"]
[WhiteTeam "New Nation Fenchugonj"]
[BlackTeam "Desh Seba Krira Chakra"]
[WhiteTeamCountry "BAN"]
[BlackTeamCountry "BAN"]

1. e4 Nc6 2. d4 e6 3. Nf3 d6 4. c3 a6 5. Bd3 g6 6. 0-0 Bg7 7. Bg5 Bf6 8. Be3 h5 9. Qd2 h4 10. h3 Bd7 11. Ng5 b5 12. f4 e5 13. fxe5 dxe5 14. d5 Na5 15. b3 Rh5 16. Nf3 g5 17. Nh2 Qe7 18. Be2 Rh8 19. c4 Nb7 20. Nc3 b4 21. Na4 a5 22. Ng4 Bxa4 23. bxa4 Rh7 24. Qc2 Rg7 25. c5 Rg6 26. Bb5+ Kf8 27. Bc6 Kg7 28. Bxb7 Rb8 29. c6 Re8 30. Rad1 Nh6 31. Nxf6 Rxf6 32. Rxf6 Qxf6 33. Rf1 Qg6 34. Ba6 Rg8 35. Bd3 Kh7 36. Qf2 f5 37. exf5 Qf6 38. Be4 Nf7 39. Bc5 Kh8 40. Qf3 Nh6 41. Qh5 Rg7 42. Qe8+ Ng8 43. Qe6 1-0

[Event "BAN-chT2"]
[Site "Dhaka"]
[Date "2016.11.07"]
[Round "5.4"]
[White "Md, Asifur Rahman"]
[Black "Md Zafrul, Islam"]
[Result "1/2-1/2"]
[WhiteElo "1776"]
[BlackElo "1936"]
[PlyCount "131"]
[EventDate "2016.11.03"]
[EventType "team-swiss"]
[EventRounds "7"]
[EventCountry "BAN"]
[SourceTitle "CBM 175 Extra"]
[Source "ChessBase"]
[SourceDate "2016.12.12"]
[SourceVersion "1"]
[SourceVersionDate "2016.12.12"]
[SourceQuality "1"]
[WhiteTeam "New Nation Fenchugonj"]
[BlackTeam "Morning Glory"]
[WhiteTeamCountry "BAN"]
[BlackTeamCountry "BAN"]

1. e4 c5 2. Nf3 e6 3. c4 Nc6 4. Nc3 e5 5. d3 d6 6. Be2 h6 7. a3 Nf6 8. 0-0 Be7 9. Rb1 0-0 10. Be3 Nd4 11. b4 Nxe2+ 12. Nxe2 b6 13. Ng3 Be6 14. Ne1 Nd7 15. f4 exf4 16. Bxf4 Ne5 17. h3 Ng6 18. Bd2 Bf6 19. Nf3 Ne5 20. Bf4 Ng6 21. Be3 Ne5 22. Nh5 Nxf3+ 23. Qxf3 Bg5 24. Nf4 Qf6 25. Qg3 Bh4 26. Qh2 Bg5 27. Kh1 Bxf4 28. Bxf4 Qc3 29. Qg3 Kh7 30. Bxd6 Rg8 31. bxc5 bxc5 32. a4 Rad8 33. Rb5 Qd4 34. e5 Rd7 35. Rc1 Bf5 36. Rd1 f6 37. Bxc5 Qxe5 38. Qxe5 fxe5 39. d4 exd4 40. Rxd4 Rgd8 41. Rf4 Rd1+ 42. Kh2 Bd7 43. Ra5 Bc6 44. Rxa7 R1d2 45. Rg4 R2d7 46. Rxd7 Rxd7 47. a5 g5 48. a6 Kg6 49. Rd4 Rxd4 50. Bxd4 h5 51. g3 Kf5 52. Bb6 Ke4 53. h4 g4 54. Kg2 Kd3+ 55. Kf2 Kxc4 56. a7 Kd3 57. Bc5 Bd5 58. Kf1 Kd2 59. Bb4+ Ke3 60. Ke1 Bf3 61. Bc5+ Kd3 62. Bb6 Kc3 63. Ba5+ Kd3 64. Bd2 Kc4 65. Kf2 Kd3 66. Bg5 1/2-1/2

[Event "BAN-chT2"]
[Site "Dhaka"]
[Date "2016.11.06"]
[Round "4.4"]
[White "Md, Asifur Rahman"]
[Black "Subrota, Biswas"]
[Result "0-1"]
[WhiteElo "1776"]
[BlackElo "2049"]
[PlyCount "74"]
[EventDate "2016.11.03"]
[EventType "team-swiss"]
[EventRounds "7"]
[EventCountry "BAN"]
[SourceTitle "CBM 175 Extra"]
[Source "ChessBase"]
[SourceDate "2016.12.12"]
[SourceVersion "1"]
[SourceVersionDate "2016.12.12"]
[SourceQuality "1"]
[WhiteTeam "New Nation Fenchugonj"]
[BlackTeam "Sonargaon CC"]
[WhiteTeamCountry "BAN"]
[BlackTeamCountry "BAN"]

1. e4 c5 2. Nf3 g6 3. d4 cxd4 4. Nxd4 Bg7 5. Nc3 Nc6 6. Be3 Nf6 7. Nxc6 bxc6 8. e5 Ng8 9. f4 Nh6 10. Qf3 0-0 11. Bc4 Qa5 12. 0-0 Rb8 13. Rab1 Ba6 14. Bxa6 Qxa6 15. Bc5 Rfe8 16. Rfd1 Rb7 17. a4 Qc4 18. b4 d6 19. Bd4 Nf5 20. Qe2 Rxb4 21. Rxb4 Qxb4 22. Qd3 Qxd4+ 23. Qxd4 Nxd4 24. Rxd4 dxe5 25. Rd7 exf4 26. Ne4 f5 27. Nf2 a5 28. Rc7 Bd4 29. Rxc6 e5 30. Kf1 e4 31. Nh3 Be3 32. c4 Rd8 33. c5 Rd4 34. Ke2 Rd2+ 35. Kf1 f3 36. gxf3 exf3 37. Ke1 Rxh2 0-1

[Event "BAN-chT2"]
[Site "Dhaka"]
[Date "2016.11.05"]
[Round "3.4"]
[White "Md Nasir, Uddin"]
[Black "Md, Asifur Rahman"]
[Result "0-1"]
[WhiteElo "1711"]
[BlackElo "1776"]
[PlyCount "120"]
[EventDate "2016.11.03"]
[EventType "team-swiss"]
[EventRounds "7"]
[EventCountry "BAN"]
[SourceTitle "CBM 175 Extra"]
[Source "ChessBase"]
[SourceDate "2016.12.12"]
[SourceVersion "1"]
[SourceVersionDate "2016.12.12"]
[SourceQuality "1"]
[WhiteTeam "GIIT Chess Academy"]
[BlackTeam "New Nation Fenchugonj"]
[WhiteTeamCountry "BAN"]
[BlackTeamCountry "BAN"]

1. e4 e6 2. Nf3 d5 3. e5 c5 4. d4 Nc6 5. Bb5 Bd7 6. Bxc6 bxc6 7. 0-0 cxd4 8. Nxd4 c5 9. Nf3 Ne7 10. Bg5 Qc7 11. Bf4 Nc6 12. Bg3 Be7 13. h3 0-0 14. c3 Qb6 15. Qe2 f6 16. Nbd2 fxe5 17. Nxe5 Nxe5 18. Bxe5 Bd6 19. Bxd6 Qxd6 20. Nb3 e5 21. Qe3 d4 22. Qd3 Qd5 23. c4 Qd6 24. Nd2 Bc6 25. Rfe1 Rae8 26. Ne4 Qg6 27. f3 Bxe4 28. Rxe4 Rf4 29. Rae1 Ref8 30. Qa3 Rxf3 31. Qxc5 Rf1+ 32. Kh2 Rxe1 33. Rxe1 Qf6 34. Qxe5 Qxe5+ 35. Rxe5 Rd8 36. Re1 Kf7 37. Rd1 Ke6 38. Kg3 Ke5 39. b4 d3 40. Kf3 Kd4 41. c5 Rf8+ 42. Kg3 Kc3 43. b5 Kc2 44. Re1 d2 45. Re2 Kc1 46. Rxd2 Kxd2 47. a4 Kc3 48. a5 Kb4 49. b6 Kxc5 50. bxa7 Kb5 51. Kg4 Kxa5 52. Kg5 Kb6 53. g4 Kxa7 54. h4 Kb6 55. h5 Kc5 56. h6 g6 57. Kh4 Kd4 58. Kg5 Ke4 59. Kh4 Kf4 60. g5 Kf5 0-1

[Event "BAN-chB 42nd"]
[Site "Dhaka"]
[Date "2016.10.23"]
[Round "4"]
[White "Md, Asifur Rahman"]
[Black "Bhuiyan, Golam Mostafa"]
[Result "0-1"]
[WhiteElo "1776"]
[BlackElo "2102"]
[PlyCount "76"]
[EventDate "2016.10.20"]
[EventType "swiss"]
[EventRounds "11"]
[EventCountry "BAN"]
[SourceTitle "CBM 175 Extra"]
[Source "ChessBase"]
[SourceDate "2016.12.12"]
[SourceVersion "1"]
[SourceVersionDate "2016.12.12"]
[SourceQuality "1"]

1. e4 d6 2. d4 g6 3. Nc3 Nf6 4. Be3 Bg7 5. h3 c6 6. f4 Nbd7 7. e5 Nd5 8. Nxd5 cxd5 9. Nf3 Qb6 10. Qc1 a6 11. Bd3 e6 12. c3 Qc7 13. Qd2 b5 14. h4 h5 15. Ng5 Nb6 16. b3 Qe7 17. Qe2 Bd7 18. Rc1 Nc8 19. Kf2 Qd8 20. Qc2 Ne7 21. Qe2 Nf5 22. Bd2 Qb6 23. g4 hxg4 24. Qxg4 dxe5 25. fxe5 Bxe5 26. Bxf5 gxf5 27. Qf3 Bf6 28. Rce1 Kf8 29. Bc1 Rc8 30. Bf4 Rxc3 31. Qxc3 Bxd4+ 32. Be3 Bxc3 33. Bxb6 Bxe1+ 34. Kxe1 f6 35. Bc5+ Ke8 36. Nf3 Kf7 37. b4 e5 38. Kf2 f4 0-1

[Event "BAN-chB 41st"]
[Site "Dhaka"]
[Date "2015.10.19"]
[Round "5"]
[White "Mizanur, Rahman1111"]
[Black "Md, Asifur Rahman"]
[Result "1-0"]
[WhiteElo "1857"]
[BlackElo "1736"]
[PlyCount "49"]
[EventDate "2015.10.15"]
[EventType "swiss"]
[EventRounds "11"]
[EventCountry "BAN"]
[SourceTitle "EXT 2017"]
[Source "ChessBase"]
[SourceDate "2016.10.25"]
[SourceVersion "1"]
[SourceVersionDate "2016.10.25"]
[SourceQuality "1"]

1. d4 d5 2. c4 dxc4 3. Nf3 c5 4. e3 cxd4 5. exd4 Nf6 6. Bxc4 e6 7. 0-0 Be7 8. Nc3 0-0 9. h3 a6 10. Be3 b5 11. Bd3 Bb7 12. Qe2 Nbd7 13. Rfd1 Nb6 14. Rac1 Nbd5 15. Ne4 Nxe4 16. Bxe4 Bf6 17. Ne5 g6 18. Rc5 Rc8 19. Rdc1 Rxc5 20. Rxc5 Qb6 21. Ng4 Bg7 22. Bxd5 Bxd5 23. b3 f5 24. Ne5 Bxe5 25. dxe5 1-0

[Event "BAN-chB 41st"]
[Site "Dhaka"]
[Date "2015.10.18"]
[Round "4"]
[White "Karim, Md Rezaul"]
[Black "Md, Asifur Rahman"]
[Result "1-0"]
[WhiteElo "1863"]
[BlackElo "1736"]
[PlyCount "51"]
[EventDate "2015.10.15"]
[EventType "swiss"]
[EventRounds "11"]
[EventCountry "BAN"]
[SourceTitle "EXT 2017"]
[Source "ChessBase"]
[SourceDate "2016.10.25"]
[SourceVersion "1"]
[SourceVersionDate "2016.10.25"]
[SourceQuality "1"]

1. Nf3 g6 2. g3 Bg7 3. Bg2 c5 4. 0-0 Nf6 5. d3 0-0 6. e4 d6 7. Nc3 Nc6 8. h3 Rb8 9. Be3 e5 10. Qd2 Nd4 11. Nh2 Nh5 12. Nd5 Be6 13. c3 Bxd5 14. cxd4 cxd4 15. Bxd4 Be6 16. Bxa7 Ra8 17. Be3 Bxa2 18. d4 Bc4 19. Rfc1 Rxa1 20. Rxa1 Ba6 21. Qb4 Qd7 22. Rd1 Qb5 23. Qxd6 Nxg3 24. dxe5 Bxe5 25. Qd2 Ne2+ 26. Kh1 1-0

[Event "BAN-chB 41st"]
[Site "Dhaka"]
[Date "2015.10.15"]
[Round "1"]
[White "Md, Asifur Rahman"]
[Black "Waheduzzaman"]
[Result "0-1"]
[WhiteElo "1736"]
[BlackElo "2011"]
[PlyCount "84"]
[EventDate "2015.10.15"]
[EventType "swiss"]
[EventRounds "11"]
[EventCountry "BAN"]
[SourceTitle "EXT 2017"]
[Source "ChessBase"]
[SourceDate "2016.10.25"]
[SourceVersion "1"]
[SourceVersionDate "2016.10.25"]
[SourceQuality "1"]

1. e4 e5 2. Nf3 Nc6 3. Bc4 Bc5 4. d4 exd4 5. Ng5 Ne5 6. Nxf7 Bb4+ 7. c3 dxc3 8. bxc3 Nxf7 9. Bxf7+ Kxf7 10. Qb3+ d5 11. Qxb4 dxe4 12. 0-0 Nf6 13. Qb3+ Qd5 14. c4 Qd3 15. Nc3 Be6 16. Rd1 Qxc4 17. Qb2 Rhd8 18. Bf4 b6 19. Rac1 c6 20. Bc7 Rd3 21. Rxd3 Qxd3 22. Rd1 Qc4 23. Qa3 b5 24. Bd8 b4 25. Qa5 Qxc3 26. Qc7+ Kg6 27. h4 h6 28. Qd6 Bxa2 29. h5+ Kxh5 30. Qf4 Rxd8 31. Qf5+ g5 32. Rxd8 Qa1+ 33. Kh2 Qe5+ 34. Qxe5 Ng4+ 35. Kh3 Nxe5 36. Re8 b3 37. Rb8 Nc4 38. Rg8 Ne5 39. Rb8 g4+ 40. Kg3 Nc4 41. f3 gxf3 42. gxf3 b2 0-1